| 000 | 00834nam a2200265Ia 4500 | ||
|---|---|---|---|
| 003 | OSt | ||
| 005 | 20220918171315.0 | ||
| 006 | a|||||r|||| 00| 0 | ||
| 007 | ta | ||
| 008 | 220917b |||||||| |||| 00| 0 eng d | ||
| 020 |
_a9781474238885 (pbk) _cUKP 24.99 |
||
| 024 | _a325,781 | ||
| 037 |
_b154, 27/02/2018, Better Book Services _cTextual |
||
| 040 |
_aARTS _cARTS _beng |
||
| 041 |
_2eng _aeng |
||
| 082 | _aP:1, Q7 | ||
| 100 |
_aSilverman Daniel Au. _935615 |
||
| 245 | 0 |
_aCritical introduction to phonology _b functional and usage based perspective |
|
| 250 | _a2nd | ||
| 260 |
_aLondon _bBloomsbury UK _c2017 |
||
| 300 |
_axx,338p. _ccm. |
||
| 650 |
_aLINGUISTICS; PHONETICS _934151 |
||
| 942 |
_hP:1, Q7 _cTEXL _2CC |
||
| 999 |
_c138923 _d138923 |
||